000
00297nam a2200109Ia 4500
008
190216s9999||||xx |||||||||||||| ||und||
100
_a
"Sidney Davison, Clyde P Stickney&Amp;Romen L Weil"
245
0
_a
Hand Book Of Modern Accounting
260
_b
Mcgraw -hill
_c
1977
300
_a
4713p
942
_c
BK
999
_c
4566
_d
4566